<?xml version="1.0" encoding="UTF-8"?>
<record
    xmlns:xsi="http://www.w3.org/2001/XMLSchema-instance"
    xsi:schemaLocation="http://www.loc.gov/MARC21/slim http://www.loc.gov/standards/marcxml/schema/MARC21slim.xsd"
    xmlns="http://www.loc.gov/MARC21/slim">

  <leader>03056nam a2200337 i 4500</leader>
  <controlfield tag="003">AGNRD</controlfield>
  <controlfield tag="005">20260519153845.0</controlfield>
  <controlfield tag="007">ta</controlfield>
  <controlfield tag="008">260519e2024    dr poc|gr|||||||10|bspapa| </controlfield>
  <datafield tag="020" ind1=" " ind2=" ">
    <subfield code="a">9789945251296.</subfield>
  </datafield>
  <datafield tag="040" ind1=" " ind2=" ">
    <subfield code="a">AGNRD</subfield>
    <subfield code="b">Spa</subfield>
    <subfield code="c">DO-SdBNP</subfield>
    <subfield code="e">rda</subfield>
    <subfield code="d">BNPHU</subfield>
  </datafield>
  <datafield tag="041" ind1=" " ind2=" ">
    <subfield code="a">spa</subfield>
  </datafield>
  <datafield tag="082" ind1=" " ind2=" ">
    <subfield code="a">RD 781.599 </subfield>
    <subfield code="2">T266c 2024</subfield>
    <subfield code="b">22</subfield>
  </datafield>
  <datafield tag="100" ind1="4" ind2=" ">
    <subfield code="9">22809</subfield>
    <subfield code="a">Tejada, Dar&#xED;o</subfield>
    <subfield code="e">autor</subfield>
  </datafield>
  <datafield tag="245" ind1="0" ind2=" ">
    <subfield code="a">La crueldad alegre : </subfield>
    <subfield code="b">la m&#xFA;sica y el poder : una historia sonora de la dictadura de Trujillo /</subfield>
    <subfield code="c">Dar&#xED;o Tejeda ; dise&#xF1;o, diagramaci&#xF3;n y cubierta : Juan Francisco Dom&#xED;nguez Novas.</subfield>
  </datafield>
  <datafield tag="264" ind1=" " ind2=" ">
    <subfield code="a">Santo Domingo, Rep&#xFA;blica Dominicana :</subfield>
    <subfield code="b">Archivo General de la Naci&#xF3;n,</subfield>
    <subfield code="c">2024.</subfield>
  </datafield>
  <datafield tag="300" ind1="4" ind2=" ">
    <subfield code="a">465 p&#xE1;ginas :</subfield>
    <subfield code="b">ilustraciones, fotograf&#xED;as, retratos ; </subfield>
    <subfield code="c">25.5 x 18 cm.</subfield>
  </datafield>
  <datafield tag="336" ind1=" " ind2=" ">
    <subfield code="a">texto</subfield>
    <subfield code="b">txt </subfield>
    <subfield code="2">rdacontent</subfield>
  </datafield>
  <datafield tag="337" ind1=" " ind2=" ">
    <subfield code="a">sin mediaci&#xF3;n </subfield>
    <subfield code="b">n </subfield>
    <subfield code="2">rdamedia</subfield>
  </datafield>
  <datafield tag="338" ind1=" " ind2=" ">
    <subfield code="a">volumen </subfield>
    <subfield code="b">nc </subfield>
    <subfield code="2">rdacarrier</subfield>
  </datafield>
  <datafield tag="490" ind1=" " ind2=" ">
    <subfield code="a">Publicaciones del Archivo General de la Naci&#xF3;n ;</subfield>
    <subfield code="v">volumen 392.</subfield>
  </datafield>
  <datafield tag="500" ind1=" " ind2=" ">
    <subfield code="a">Incluye biograf&#xED;a del autor en la solapa. </subfield>
  </datafield>
  <datafield tag="505" ind1=" " ind2=" ">
    <subfield code="a">Como escuchar los ejemplos musicales de este libro, 13.-- Preludio metodol&#xF3;gico sobre la investigaci&#xF3;n en torno a m&#xFA;sica y dictadura. Dar&#xED;o Tejeda, 15.-- Prefacio. &#xBF;m&#xE9;todos incruentos? los placeres sensoriales de la m&#xFA;sica en una dictadura sanguinaria. Dar&#xED;o Tejeda, 19.-- Trujillo, el personaje : un dictador &lt;&lt;benefactor&gt;&gt; / El umbral de la era, 27.-- La dictadura, la m&#xFA;sica y el poder / Una sonata hist&#xF3;rica, 55.-- La configuraci&#xF3;n del poder sonoro, 65.-- La puesta en escena de la m&#xFA;sica criolla dominicana, 129.-- La m&#xFA;sica criolla en la representaci&#xF3;n sonora de la naci&#xF3;n dominicana, 161.-- Disputas musicales frente al escucha, 195.-- El poder sonoro / Las pol&#xED;ticas musicales del poder, 231.-- La escena sinf&#xF3;nica y la m&#xFA;sica de conciertos, 347.-- La m&#xFA;sica, escena de contrapoder sonoro / Versiones musicales transgresoras, 387.-- Archivos investigados, lugares visitados y fuentes orales consultadas, 415.-- Bibliograf&#xED;a, 421.-- &#xCD;ndice de nombres, 441. </subfield>
  </datafield>
  <datafield tag="520" ind1=" " ind2=" ">
    <subfield code="a">La obra "La crueldad alegre: la m&#xFA;sica y el poder" de Dar&#xED;o Tejeda es una investigaci&#xF3;n que explora c&#xF3;mo la m&#xFA;sica fue utilizada como herramienta pol&#xED;tica por el r&#xE9;gimen de Rafael Le&#xF3;nidas Trujillo. Tejeda, con el patrocinio del Archivo General de la Naci&#xF3;n, analiza la relaci&#xF3;n entre cultura y poder, revelando c&#xF3;mo ciertos reg&#xED;menes han instrumentalizado expresiones culturales para infiltrar la sociedad con pol&#xED;ticas determinadas o para enmascararlas. La obra tambi&#xE9;n destaca el papel de la m&#xFA;sica como s&#xED;mbolo nacional y veh&#xED;culo de adhesi&#xF3;n pol&#xED;tica, as&#xED; como su uso como herramienta de persecuci&#xF3;n y resistencia.</subfield>
  </datafield>
  <datafield tag="590" ind1=" " ind2=" ">
    <subfield code="a">Inventariado, 2026/WG.</subfield>
  </datafield>
  <datafield tag="650" ind1=" " ind2=" ">
    <subfield code="9">45518</subfield>
    <subfield code="a">M&#xFA;sica</subfield>
    <subfield code="x">Historia</subfield>
    <subfield code="z">Rep&#xFA;blica Dominicana</subfield>
  </datafield>
  <datafield tag="650" ind1=" " ind2=" ">
    <subfield code="a">M&#xFA;sica</subfield>
    <subfield code="x">Historia</subfield>
    <subfield code="y">Era de Trujillo, 1930-1961</subfield>
    <subfield code="9">89668</subfield>
  </datafield>
  <datafield tag="651" ind1=" " ind2=" ">
    <subfield code="a">Rep&#xFA;blica Dominicana</subfield>
    <subfield code="x">Pol&#xED;tica y gobierno</subfield>
    <subfield code="y">Era de Trujillo, 1930-1961</subfield>
    <subfield code="9">106588</subfield>
  </datafield>
  <datafield tag="700" ind1=" " ind2=" ">
    <subfield code="a">Dom&#xED;nguez Novas, Juan Francisco</subfield>
    <subfield code="e">dise&#xF1;o, diagramaci&#xF3;n y cubierta.</subfield>
    <subfield code="9">102092</subfield>
  </datafield>
  <datafield tag="942" ind1=" " ind2=" ">
    <subfield code="2">ddc</subfield>
    <subfield code="c">LBS1</subfield>
  </datafield>
  <datafield tag="952" ind1=" " ind2=" ">
    <subfield code="0">0</subfield>
    <subfield code="1">0</subfield>
    <subfield code="2">ddc</subfield>
    <subfield code="5">1</subfield>
    <subfield code="7">0</subfield>
    <subfield code="8">PD</subfield>
    <subfield code="a">BNPHU</subfield>
    <subfield code="b">BNPHU</subfield>
    <subfield code="c">CT</subfield>
    <subfield code="d">2026-05-19</subfield>
    <subfield code="l">0</subfield>
    <subfield code="o">RD 781.599 T266c 2024</subfield>
    <subfield code="p">2026-4332</subfield>
    <subfield code="r">2026-05-19</subfield>
    <subfield code="w">2026-05-19</subfield>
    <subfield code="y">LBS1</subfield>
  </datafield>
  <datafield tag="952" ind1=" " ind2=" ">
    <subfield code="0">0</subfield>
    <subfield code="1">0</subfield>
    <subfield code="2">ddc</subfield>
    <subfield code="5">1</subfield>
    <subfield code="7">0</subfield>
    <subfield code="8">PD</subfield>
    <subfield code="a">BNPHU</subfield>
    <subfield code="b">BNPHU</subfield>
    <subfield code="c">CT</subfield>
    <subfield code="d">2026-05-19</subfield>
    <subfield code="l">0</subfield>
    <subfield code="o">RD 781.599 T266c 2024</subfield>
    <subfield code="p">2026-4333</subfield>
    <subfield code="r">2026-05-19</subfield>
    <subfield code="t">e.2</subfield>
    <subfield code="w">2026-05-19</subfield>
    <subfield code="y">LBS1</subfield>
  </datafield>
  <datafield tag="952" ind1=" " ind2=" ">
    <subfield code="0">0</subfield>
    <subfield code="1">0</subfield>
    <subfield code="2">ddc</subfield>
    <subfield code="5">1</subfield>
    <subfield code="7">0</subfield>
    <subfield code="8">PD</subfield>
    <subfield code="a">BNPHU</subfield>
    <subfield code="b">BNPHU</subfield>
    <subfield code="c">CT</subfield>
    <subfield code="d">2026-05-19</subfield>
    <subfield code="l">0</subfield>
    <subfield code="o">RD 781.599 T266c 2024</subfield>
    <subfield code="p">2026-4334</subfield>
    <subfield code="r">2026-05-19</subfield>
    <subfield code="t">e.3</subfield>
    <subfield code="w">2026-05-19</subfield>
    <subfield code="y">LBS1</subfield>
  </datafield>
  <datafield tag="999" ind1=" " ind2=" ">
    <subfield code="c">60789</subfield>
    <subfield code="d">60789</subfield>
  </datafield>
</record>
